EPIDIOLOGY AND MGT FOR HEALTH FOR ALL (Record no. 1139)

MARC details
000 -LEADER
fixed length control field 00344nam a2200133Ia 4500
008 - FIXED-LENGTH DATA ELEMENTS--GENERAL INFORMATION
fixed length control field 150201s2009 xx 000 0 und d
082 ## - DEWEY DECIMAL CLASSIFICATION NUMBER
Classification number 610.72
Item number E09S
100 ## - MAIN ENTRY--PERSONAL NAME
Personal name SATHE,PV
245 ## - TITLE STATEMENT
Title EPIDIOLOGY AND MGT FOR HEALTH FOR ALL
250 ## - EDITION STATEMENT
Edition statement 3RD
260 ## - PUBLICATION, DISTRIBUTION, ETC. (IMPRINT)
Name of publisher, distributor, etc. VORA MEDICAL PUB.
Place of publication, distribution, etc. MUMBAI
Date of publication, distribution, etc. 2009
650 ## - SUBJECT ADDED ENTRY--TOPICAL TERM
Topical term or geographic name as entry element COMMUNITY MEDICINE
942 ## - ADDED ENTRY ELEMENTS (KOHA)
Source of classification or shelving scheme Dewey Decimal Classification
Koha item type Books
Koha issues (borrowed), all copies 4
Holdings
Withdrawn status Lost status Source of classification or shelving scheme Damaged status Not for loan Collection code Home library Current library Shelving location Date acquired Source of acquisition Cost, normal purchase price SGTU Bill Number Total Checkouts Full call number Barcode Date last seen Date last checked out Bill Date Koha item type
    Dewey Decimal Classification     MEDICAL SGT Medical Library SGT Medical Library Text Book 21/12/2010 U.B.S. DELHI 350.00 SGTU 726 1 610.72 E09S FM4431 23/11/2019 06/11/2019 21/12/2010 Books
    Dewey Decimal Classification     MEDICAL SGT Medical Library SGT Medical Library Text Book 21/12/2010 U.B.S. DELHI 350.00 SGTU 726 7 610.72 E09S FM4432 15/06/2023 19/04/2023 21/12/2010 Books
    Dewey Decimal Classification     MEDICAL SGT Medical Library SGT Medical Library Text Book 21/12/2010 U.B.S. DELHI 350.00 SGTU 726 1 610.72 E09S FM4433 07/03/2020 28/02/2020 21/12/2010 Books
    Dewey Decimal Classification     MEDICAL SGT Medical Library SGT Medical Library Text Book 21/12/2010 U.B.S. DELHI 350.00 SGTU 726 8 610.72 E09S FM4434 27/06/2023 12/06/2023 21/12/2010 Books
    Dewey Decimal Classification     MEDICAL SGT Medical Library SGT Medical Library Text Book 21/12/2010 U.B.S. DELHI 350.00 SGTU 726 3 610.72 E09S FM4435 23/01/2020 16/12/2019 21/12/2010 Books